Villes les plus peuplées de l'Aveyron - Statistiques

Statistiques générales
  • Ce quiz a été pris 90 fois
  • Le résultat moyen est 10 sur 19
Statistiques - réponses
Population Ville % Correct
24 088 Rodez
99%
22 064 Millau
96%
11 822 Villefranche-de-Rouergue
88%
8 260 Saint-Affrique
73%
5 686 Decazeville
69%
11 837 Onet-le-Château
69%
4 460 Espalion
60%
4 134 Severac-d'Aveyron
58%
3 137 Baraqueville
52%
3 888 Aubin
49%
5 898 Luc-la-Primaube
46%
2 781 Bozouls
40%
3 329 Olemps
40%
3 197 Sebazac-Concourès
39%
4 558 Capdenac-Gare
37%
2 441 Firmi
24%
2 207 Saint-Geniez-d'Olt-et-d'Aubrac
24%
2 308 Flavin
22%
2 943 Druelle-Balsac
13%
Aucun quiz correspondant
Distribution des résultats
% des personnes avec chaque résultat
Percentile par nombre de réponses
Votre historique - résultats
Vous n’avez pas pris ce quiz